| 000 | 01238cam a2200349 i 4500 | ||
|---|---|---|---|
| 001 | 200451361 | ||
| 999 |
_c200451361 _d69573 |
||
| 003 | TR-AnTOB | ||
| 005 | 20250127153711.0 | ||
| 007 | ta | ||
| 008 | 221118s2022 tu 000 0 tur d | ||
| 020 | _a9786254322549 | ||
| 040 |
_aTR-AnTOB _beng _erda _cTR-AnTOB |
||
| 041 | 0 | _atur | |
| 050 | 1 | 4 |
_aKKX80.C65 _bİ584 2022 |
| 090 |
_aKKX80.C65 _bİ584 2022 |
||
| 245 | 0 | 0 |
_aİnternet hukukunda dezenformasyonla mücadele / _ceditörler: Prof. Dr. Bülent Kent, Doç. Dr. Yasin Söyler, Dr. Öğr. Üyesi Merve Ayşegül Kulular İbrahim. |
| 250 | _a1. Baskı: Eylül 2022 | ||
| 264 | 1 |
_aİstanbul : _bOn İki Levha Yayıncılık, _c2022. |
|
| 300 |
_aix, 387 pages ; _c23 cm |
||
| 336 |
_atext _btxt _2rdacontent |
||
| 337 |
_aunmediated _bn _2rdamedia |
||
| 338 |
_avolume _bnc _2rdacarrier |
||
| 490 | 0 |
_aYayın no ; _v2078 |
|
| 504 | _aBIB | ||
| 650 | 0 |
_aİnternet _xHukuk ve mevzuat _zTürkiye _934088 |
|
| 700 | 1 |
_aKent, Bülent _9140156 _eeditor |
|
| 700 | 1 |
_aSöyler, Yasin _9125434 _eeditor |
|
| 700 | 1 |
_aİbrahim, Merve Ayşegül Kulular _eeditor _9131542 |
|
| 856 | 4 | 0 | _uhttps://www.hukukmarket.com/media/contentspdf/31850_9786254322549.pdf |
| 942 |
_2lcc _cBK |
||